| 000 | 01730cam a2200313 a 4500 | ||
|---|---|---|---|
| 001 | 2891 | ||
| 005 | 20240122143750.0 | ||
| 020 | _a9780194646369 | ||
| 040 |
_aNz _cNTAUP _dOCLCO _dDLC _beng |
||
| 050 | 0 | 0 | _aPE1119.B63 |
| 082 | 0 | 4 | _a428.6 |
| 100 | 1 | _aBladon, Rachel | |
| 245 | 1 | 0 |
_aTrees / _cRachel Bladon. |
| 250 | _aFirst published in 2013 | ||
| 260 |
_aOxford : _bOxford University Press, _c2013 |
||
| 300 |
_a32 pages : _bcolor illustrations ; _c22 cm. |
||
| 490 | 0 | _aOxford read and discover.1 | |
| 500 | _a"Discover! 1 Oxford read and discover"--Cover. | ||
| 500 | _a"Level 1. 300 headwords. Word count: 691"--Back cover. | ||
| 505 | 0 | _aH | |
| 520 | _aThis exciting new series of non-fiction readers provides interesting and educational content, with activities and project work. The readers are graded at four levels, from 3 to 6, suitable for students from age 8 and older. They can support Content and Language Integrated Learning (CLIL), andcover a broad range of topics, within three curriculum areas:The World of Science and TechnologyThe Natural WorldThe World of Arts and Social StudiesAlso available for each reader:* Activity Book* Audio CD Pack (Reader and Audio CD)* Teacher's Notes and CLIL guidance at www.oup.com/elt/readanddiscoverThe Activity Book includes 16 pages of chapter-linked activities followed by after-reading whole book activities and a book review; focus on content, vocabulary, and grammar. | ||
| 521 |
_a430
_bLexile |
||
| 521 |
_aH
_bRaz-Plus |
||
| 650 | 0 |
_aReading comprehension _vProblems, exercises, etc. |
|
| 650 | 0 |
_aTrees _vJuvenile literature. |
|
| 655 | 0 | _aReaders (Elementary) | |
| 906 |
_a7 _bcbc _ccopycat _d2 _encip _f20 _gy-gencatlg |
||
| 942 |
_2ddc _cBK _n0 |
||
| 999 |
_c2891 _d2891 |
||